000 01195nam a22003257a 4500
003 CHAP
005 20220329140644.0
008 971013s1971 r 00010 d
010 _a55439
011 _a56411
035 _a60564
040 _cCHAP
082 _a631.3
_bY6
100 0 0 _aYopo P., Boris.
_9123173
245 _aAlgunas consideraciones sobre promoción social y la educación de adultos
260 _aGuatemala :
_bInstituto Interamericano de Ciencias Agrícolas. Zona Norte,
_c(1971?)
300 _a17 p.
500 _aPonencia presentada en: Seminario Nacional de Desarrollo Rural para Funcionarios de Organismos Gubernamentales del Sector Público Agrícola 91971: Panamá)
590 _aBATCH-UPD
_b10
_c20130110
_lUCH01
_h0421
590 _aBATCH-UPD
_b10
_c20130110
_lUCH01
_h2044
590 _aBATCH-UPD
_b10
_c20130410
_lUCH01
_h0056
590 _aBATCH-UPD
_b10
_c20130914
_lUCH01
_h1144
590 _aCONVERSION
_b10
_c20130109
_lUCH01
_h1330
650 1 4 _aDesarrollo de la comunidad.
_931967
650 1 4 _aDesarrollo rural.
_932067
650 1 4 _aEducación de adultos.
_935562
901 _aBK
942 _cFOLL
949 _a631.3 Y6
_bBC
_cFOLL
_d-130467
_eTS1
_i60564
_si
999 _c55439
_d55439